The Cast members in the Beauty and The Beast Musical - Statistics

General Stats
  • This quiz has been taken 2 times
  • The average score is 51 of 152
Answer Stats
Answer % Correct
Lumiere Broadway & Los Angelas Gary Beach
100%
Belle Broadway & Los Angelas Susan Egan
100%
Chip Los Angelas Adam Wylie/Jeremy Lelliott
50%
Beast London Alasdair Harvey
50%
Chip First U.S. Tour Alex Bowen/Braden Dickie
50%
Babette Australia Alinta Carroll
50%
Beast First U.K. Tour Alistair Robins
50%
Lumiere Toronto Andre Therien
50%
Belle First U.K. Tour Annalene Beechey
50%
Babette Vienna Ann Mandrella
50%
LeFou First U.K. Tour Anthony Clegg
50%
Belle Broadway Replacement 2005-2006 Ashley Brown
50%
Cogsworth London & First U.K. Tour Barry James
50%
Chip London Ben Butterfield/Dayle Hodge/Simon Kennedy
50%
Gaston First U.K. Tour Ben Harlow
50%
Cogsworth Australia Bert Newton
50%
Mrs. Potts Broadway & Los Angelas Beth Fowler
50%
Mrs. Potts First U.S. Tour Betsy Joslyn
50%
Maurice First U.K. Tour Billy Boyle
50%
Maurice Weste End Replacement Billy Boyle
50%
Chip Broadway Brian Press
50%
Gaston Broadway, Los Angelas, and London Burke Moses
50%
Belle Vienna Caroline Vasicek
50%
Gaston Second U.S. Tour Chris Hoch
50%
Beast Toronto Chuck Wagner
50%
Beast Broadway Replacement 1997-1998 Chuck Wagner
50%
LeFou Toronto Cliff Saunders
50%
Gaston Toronto Dan Chameroy
50%
LeFou First U.S. Tour Dan Sklar
50%
Lumiere London Derek Griffiths
50%
Madam De La Grande Bouche London Di Botcher
50%
Madam De La Grande Bouche Broadway Elanor Glockner
50%
Babette Toronto Elizabeth Beeler
50%
LeFou Vienna Eric Minsk
50%
Maurice Australia Ernie Bourne
50%
Beast Vienna Ethan Freeman
50%
Cogsworth Los Angelas Fred Applegate
50%
Beast First U.S. Tour Fred Inkley
50%
Lumiere Second U.K. Tour & West End Revival Gavin Lee
50%
Chip Toronto Gil Filar/Noah Reid
50%
Madam De La Grande Bouche Australia Gloden Mercer
50%
Maurice First U.S. Tour Grant Cowan
50%
Beast Second U.S. Tour Grant Norman
50%
Lumiere Australia Grant Smith
50%
Babette Los Angelas Heather Lee
50%
Cogsworth Broadway Heath Lambert
50%
Cogsworth Vienna Heinz Zuber
50%
Gaston Australia Hugh Jackman
50%
LeFou Los Angelas Jamie Torcellini
50%
Mrs. Potts Second U.S. Tour Janet MacEwan
50%
Cogsworth First U.S. Tour Jeff Brooks
50%
Babette Second U.S. Tour Jennifer Shrader
50%
Madam De La Grande Bouche Toronto Jo-Anne-Kirwan Clark
50%
Cogsworth Second U.S. Tour John Alban Coughlan
50%
Cogsworth Broadway Replacement 2006-2007 Jonathan Freeman
50%
Mrs. Potts Toronto Judy Marshak
50%
Mrs. Potts First U.K. Tour Julia Goss
50%
Belle London Julie-Alanah Brighten
50%
Madam De La Grande Bouche First U.K. Tour Karen Davies
50%
Babette First U.K. Tour Kate Graham
50%
LeFou Broadway Kenny Raskin
50%
Belle Toronto & Broadway Replacement 1996-1997 Kerry Butler
50%
Gaston Vienna Kevin Tarte
50%
Belle First U.S. Tour Kim Huber
50%
Babette First U.S. Tour Leslie Castay
50%
Madam De La Grande Bouche Vienna Marika Lichter
50%
Madam De La Grande Bouche Los Angelas Mary Jo Catlett
50%
Mrs. Potts London Mary Millar
50%
Madam De La Grande Bouche First U.S. Tour Mary Stout
50%
Lumiere Broadway Replacement 1998-1999 Meshach Taylor
50%
Beast Australia Michael Cormick
50%
Chip Second U.S. Tour Michael Maggs/Miles Meehan
50%
LeFou Second U.S. Tour Michael Raine
50%
Madam De La Grande Bouche Second U.S. Tour Monica M.Wemitt
50%
Maurice London Norman Rossington
50%
Chip First U.K. Tour Oliver Taylor/Sion Eifion
50%
Lumiere First U.S. Tour Patrick Page
50%
Lumiere Broadway Replacement 1999-2001 & 2003 Patrick Page
50%
Cogsworth Toronto Paul Brown
50%
Chip Australia Paul Cheyene/Anthony Hammer/Zach Meyers
50%
Belle Australia Rachel Beck
50%
Babette London Rebecca Thornhill
50%
LeFou London Richard Gauntlett
50%
Mrs. Potts Australia Robyn Arthur
50%
Lumiere Australia Revival Rohan Browne
50%
Maurice Second U.S. Tour Ron Lee Savin
50%
Lumiere Second U.S. Tour Ron Wisniski
50%
Mrs. Potts Vienna Rosita Mewis
50%
Maurice Vienna Rudolf Wasserlof
50%
Beast West End Revival Shaq Taylor
50%
Beast 2nd U.K. Tour Replacement Shaq Taylor
50%
Babette Broadway Stacey Logan
50%
Lumiere First U.K. Tour Stephen Matthew
50%
Belle Second U.S. Tour Susan Owen
50%
Beast Broadway & Los Angelas Terrance Mann
50%
Maurice Toronto Terry Doyle
50%
Maurice Broadway & Los Angelas Tom Bosley
50%
Gaston First U.S. Tour Tony Lawson
50%
Lumiere Vienna Viktor Gernot
50%
LeFou Australia Zachary McKay
50%
Madam De La Grande Bouche Australia Revival Alana Tranter
0%
Beast 2nd U.K. Tour Replacement Alyn Hawke
0%
Belle Broadway Replacement 1999-2000 Andrea McArdle
0%
Belle Broadway Replacement 2007-Closing Anneliese Van Der Pol
0%
Chip West End Revival Benjamin Dalton/Sekhani Dumezweni/Zarian Marcel
0%
Beast Australia Revival Brendan Xavier
0%
Lumiere Broadway Replacement 2001-2002 Bryant Batt
0%
Gaston Broadway Replacement 2001 Christopher Sieber
0%
Belle Broadway Replacement 2004 Christy Carlson Romano
0%
Belle Second U.K. Tour & West End Revival Courtney Stapleton
0%
Belle Broadway Replacement 1997-1998 Deborah Gibson
0%
Belle 1st U.K. Tour Replacement Diane Pilkington
0%
Gaston Broadway Replacement 2006-2007 Donny Osmond
0%
Beast West End Replacement Earl Carpenter
0%
Gaston 1st U.K. Tour Replacement Earl Carpenter
0%
Babette Second U.K. Tour & West End Revival Emma Caffrey
0%
Beast Second U.K. Tour Emmanuel Kojo
0%
Cogsworth Australia Revival Gareth Jacobs
0%
Mrs. Potts West End Replacement Gemma Craven
0%
Babette Australia Revival Hayley Martin
0%
Gaston Australia Revival Jackson Head
0%
Lumiere Broadway Replacement 2006 Jacob Young
0%
Mrs. Potts Australia Revival Jade Westaby
0%
Beast Broadway Replacement 1998-1999 James Barbour
0%
Belle Broadway Replacement 2002-2003 Jamie-Lynn Singler
0%
Beast Broadway Replacement 1995-1997 & 2004 Jeff McCarthy
0%
Beast West End Replacement John Barrowman
0%
Lumiere Broadway Replacement 2006-2007 John Tartaglia
0%
Lumiere Broadway Replacement 1995 Lee Roy Adams
0%
LeFou Second U.K. Tour & West End Revival Louis Stockil
0%
Chip Second U.K. Tour Manasseh Mapira/Iesa Miller/Theo Querico
0%
Gaston Broadway Replacement 1995-1997 Marc Kudisch
0%
Maurice Second U.K. Tour & West End Revival Martin Ball
0%
Belle Broadway Replacement 2003-2004 Megan McGinnis
0%
Belle West End Replacement Michelle Gayle
0%
LeFou Australia Revival Nick Cox
0%
Cogsworth Second U.K. Tour & West End Revival Nigel Richards
0%
Lumiere Broadway Replacement 2001 Paul Schoeffler
0%
Cogsworth Broadway Replacement Peter Barlett
0%
Maurice Australia Revival Rodney Dobson
0%
Chip Second U.K. Tour & West End Revival Rojae Simpson
0%
Chip Australia Revival Romeo Angelkovski/Akiva Guigen/Christopher Joseph/Orlando Steiner
0%
Madam De La Grande Bouche Second U.K. Tour & West End Revival Samantha Bingley
0%
Mrs. Potts Second U.K. Tour & West End Revival Sam Bailey
0%
Belle Broadway Replacement 2000-2002, 2003 & 2006 Sarah Litzsinger
0%
Belle Broadway Replacement 1995-1996 & 2006 Sarah Uriarte Berry
0%
Belle Australia Revival Shubshri Kandiah
0%
Beast Vienna Replacement Steve Barton
0%
Beast Broadway Replacement 1999-2007 & Canada Cast Replacement Steve Blanchard
0%
Gaston Broadway Replacement 1997-1999 Steve Blanchard
0%
Gaston Second U.K. Tour & West End Revival Tom Senior
0%
Belle Broadway Replacement 1998-1999 Toni Braxton
0%
No matching quizzes found
Score Distribution
Percent of People with Each Score
Percentile by Number Answered
Your Score History
You have not taken this quiz